| 000 | 00512nam a22001937a 4500 | ||
|---|---|---|---|
| 005 | 20250221121835.0 | ||
| 008 | 250221b |||||||| |||| 00| 0 eng d | ||
| 020 | _a9780071159661 | ||
| 050 |
_aHF5686 _b.C7 BRO |
||
| 100 | _aBrownlee, Richard E. | ||
| 245 |
_aCorporate Financial Reporting; _btext and cases |
||
| 250 | _a3rd | ||
| 260 |
_aBoston _bMcGraw-Hill _cc1998 |
||
| 300 | _axvi, 924p | ||
| 500 | _aincludes index | ||
| 700 | _aFerris, Kenneth R. | ||
| 700 | _aHaskins, Mark E. | ||
| 942 |
_2lcc _cBK _n0 |
||
| 999 |
_c4030 _d4030 |
||